=LDR 00000nam 2200000 4500 =001 INLIS000000000020398 =005 20130612115342 =008 ***********************************Ind** =035 ##$$0010-061300000020398 =041 ##$$a Ind =082 ##$$a 345 =090 ##$$a 345, Suh h =100 ##$$a Sunartono RM =245 ##$$a Hukum pidana material, unsur-unsur objektif sebagai dasar dakwaan, oleh RM. Suharto, SH =260 ##$$a 2002 $b Jakarta =300 ##$$a x, 255 hlm, 21 cm =650 ##$$a Hukum pidana =850 ##$$a NBPNMAT